O doplatkoch pacientov rozhodne vláda najskôr o dva roky
Schválenie šiestich reformných zákonov predložených ministrom zdravotníctva - zákony čakajú na podpis prezidenta. Otázka určenia prípadnej finančnej spoluúčasti pacientov na zdravotnej starostlivosti. Zavádzanie trhových pravidiel do života zdravotných poisťovní zostane v kombinácii s reguláciou. Sy...
Gespeichert in:
| 1. Verfasser: | |
|---|---|
| Format: | Buchkapitel |
| Sprache: | Slowakisch |
| Schlagworte: | |
| Tags: |
Keine Tags, Fügen Sie das erste Tag hinzu!
|
MARC
| LEADER | 00000naa$a2200000$$$4500 | ||
|---|---|---|---|
| 001 | 0019644 | ||
| 005 | 20231009075315.1 | ||
| 041 | 0 | |a slo | |
| 044 | |a SK | ||
| 245 | 1 | 0 | |a O doplatkoch pacientov rozhodne vláda najskôr o dva roky |c Zuzana Horníková |
| 520 | |a Schválenie šiestich reformných zákonov predložených ministrom zdravotníctva - zákony čakajú na podpis prezidenta. Otázka určenia prípadnej finančnej spoluúčasti pacientov na zdravotnej starostlivosti. Zavádzanie trhových pravidiel do života zdravotných poisťovní zostane v kombinácii s reguláciou. Systém platieb poistného sa nezmenil. Zmena poisťovní a nemocníc na subjekty súkromného práva. Zanikne garancia štátu za finančnú solventnosť nemocníc. O dva roky sa zredukuje balík služieb úplne hradených z verejného poistenia. | ||
| 610 | 2 | 0 | |a zdravotníctvo |
| 610 | 2 | 0 | |a reformy |
| 610 | 2 | 0 | |a starostlivosť zdravotná |
| 610 | 2 | 0 | |a financovanie |
| 610 | 2 | 0 | |a poisťovne zdravotné |
| 610 | 2 | 0 | |a poistenci |
| 610 | 2 | 0 | |a nemocnice |
| 610 | 2 | 0 | |a chorobnosť |
| 610 | 2 | 0 | |a poistenie zdravotné |
| 100 | 1 | |a Horníková, Zuzana | |